000 00300nam a22001337a 4500
020 _qHB.
040 _cFIZZA ISHAQ
082 _a691
_bSKD
100 _aDUGGAL, S.K.
_989620
245 _aBUILDING MATERIALS /
_cS.K. DUGGAL.
260 _aNEW YORK ;
_c1998.
300 _a285 P. ;
942 _2ddc
_cBK
999 _c588265
_d588265